1619 1431 1496 1446 1418 1572 1846 1961 1903 1984 1634 1574 1663 1581 1585 1141 1610 1172 1971 1598 1323 1372 1837 1866 1399 1214 1188 1173 1002 1607 1553 1790 1320 1268 1581 1678 1036 1073 1382 1612 1788 1814 1614 1828 1741 1202 1181 1456 1956 1792 1590 1441 1520 1499 1453 1683 1937 1217 1483 1165 1479 1517 1361 1162 1698 1853 1424 1915 1808 1846 1525 1502 1025 1011 1764 1731 1546 1904 1221 1222 1019 1205 1368 1387 1533 1436 1762 1519 1657 1294 1708 1664 1273 1160 1633 1412 1457 1096 1738 BCNSPRNW ULIB Ver.6.0+V

เปลี่ยนเป็นภาษาไทย

Change to English
 แสดงรายละเอียดบรรณานุกรม
  กลับหน้าหลัก

Brief Record : Get Marc (ISO 2709) : E-mail record : QR code < ปิดหน้าต่าง
LEADER : 00000nam 2200000uu 4500
001    13399114439
003     ULIB
008    110627s||||||||th 000 0 tha d
020    9789745764002
090    นว.^bส174น
098    นว.^bส174น
100 0  สเตเฟนี่ เมเยอร์
245 00 นวจันทรา (New Moon)/^cสเตเฟนี่ เมเยอร์
250    พิมพ์ครั้งที่ 8
260    กรุงเทพฯ :^bปราชญ์เปรียว,^c2552
300    509 หน้า
710 1  ปราชญ์เปรียว
945    ^p335^l0^i026729
995    ทศพร
999 ^a ใช้งานได้ทุกระบบ
รายการนี้ยังไม่มีแท็ก
คุณยังไม่ได้ล็อกอิน คุณสามารถมีกิจกรรมร่วมกับเว็บไซต์ได้ แต่ต้องล็อกอินก่อน ::
  ล็อกอิน

รายการสื่อสารสนเทศ

ลำดับที่ ประเภท เลขเรียก/บาร์โค้ด สถานที่ สถานะ
1. นวนิยาย
นวนิยาย
นว. ส174น  
  Barcode: 026729
ห้องสมุดวิทยาเขตสวรรค์ประชารักษ์
►นวนิยาย
บนชั้น
  ขอยืม

รายการใกล้เคียง
    ผู้แต่ง [สเตเฟนี่ เมเยอร์]

BibComment


ยังไม่เคยถูกคอมเมนท์

คอมเมนท์ทรัพยากรรายการนี้
  คอมเมนท์: นวจันทรา New Moon..


 Copyright 2026. Bcnsprnw @Library